logo

Bir Sreshtho Munshi Abdur Rouf Library
Jhenaidah Cadet College

সম্পর্কের ভাঙাগড়া / (Record no. 763)

MARC details
000 -LEADER
fixed length control field 00734nam a2200241 a 4500
001 - CONTROL NUMBER
JCCL Control Number 763
003 - CONTROL NUMBER IDENTIFIER
JCCL marc code BD-JhCC
005 - DATE AND TIME OF LATEST TRANSACTION
control field 20171010173555.0
008 - FIXED-LENGTH DATA ELEMENTS--GENERAL INFORMATION
fixed length control field 171009s2010 bg |||| |||| 000 0 ben d
020 ## - INTERNATIONAL STANDARD BOOK NUMBER
International Standard Book Number 9847013800750
035 ## - SYSTEM CONTROL NUMBER
system control number (BD-JhCC) 763
040 ## - CATALOGING SOURCE
Original cataloging agency BD-JhCC
Modifying agency BD-JhCC
041 ## - LANGUAGE CODE
Language code of Book ben
082 ## - DEWEY DECIMAL CLASSIFICATION NUMBER
DDC Edition number 22
Classification number 302
Author mark and Year ISL 2010
100 ## - MAIN ENTRY--PERSONAL NAME
Personal name ইসলাম, জুলফিয়া
245 ## - TITLE STATEMENT
Title সম্পর্কের ভাঙাগড়া /
Statement of responsibility, etc জুলফিয়া ইসলাম.
260 ## - PUBLICATION, DISTRIBUTION, ETC. (IMPRINT)
Place of publication, distribution, etc ঢাকা :
Name of publisher, distributor, etc বিদ্যাপ্রকাশ,
Date of publication, distribution, etc ২০১০.
300 ## - PHYSICAL DESCRIPTION
Pagination 143 pages :
Dimensions 22 cm.
520 ## - SUMMARY, ETC.
Summary, etc On human relationship.
650 ## - SUBJECT ADDED ENTRY--TOPICAL TERM
Topical term or geographic name as entry element Interpersonal relations
942 ## - ADDED ENTRY ELEMENTS (KOHA)
Source of classification or shelving scheme Dewey Decimal Classification
Koha item type Books
Holdings
Source of classification or shelving scheme Damaged status Not for loan Home library Current library Shelving location Date of accession Cost, normal purchase price Total Checkouts Full call number Barcode Date last seen Copy number Koha item type
Dewey Decimal Classification     JCC Rouf Library JCC Rouf Library General Stacks 10/09/2017 200.00   302 ISL 2010 1404 10/09/2017 C-1 Books

JCC Library | Contacts | JCC Home

Last Update on 23 September 2017
Copyright @ 2017-2020 JCC Rouf Library
Rouf Library, Jhenidah Cadet College (JCC), Bangladesh